Art and music in the humanities /
Guardado en:
| Autor Principal: | |
|---|---|
| Otros Autores: | , |
| Formato: | Libro |
| Publicado: |
New Jersey :
Prentice Hall,
1966
|
| Materias: | |
| Etiquetas: |
Agregar Etiqueta
Sin Etiquetas, Sea el primero en etiquetar este registro!
|
| LEADER | 00561nam a22001815a 4500 | ||
|---|---|---|---|
| 001 | EHU.bham005721 | ||
| 003 | AR-BHAM | ||
| 005 | 20090430141412.0 | ||
| 008 | 130507s1966##################000#0#####d | ||
| 082 | 7 | 0 | |a 704 |
| 100 | 1 | |a Delong, Patrick D. | |
| 245 | 1 | 0 | |a Art and music in the humanities / |c Patrick D. Delong , Robert Thomas , Robert E. Egner |
| 260 | |a New Jersey : |b Prentice Hall, |c 1966 | ||
| 300 | |a 244 p. | ||
| 653 | |a Arte-ensayos del | ||
| 700 | 1 | |a Thomas, Robert | |
| 700 | 1 | |a Egner, Robert E. | |
| 859 | |a AR-BHAM |b BIB. HUMANIDADES - General |h 704 |i D383 |p 374.68 |t Ej.1 | ||
